000 00452nam a2200181Ia 4500
001 24170
005 20260414151025.0
008 260414t2019||||xx |||||||||||||| ||spa||
041 _aESP
082 _a791.43098
_bL46
100 _aLeón Frías, Isaac,
_eAUT
245 0 _aEl cine en fuga :
_bextos en el umbral del milenio
260 _c2019
300 _a349 páginas :
_c24 cm.
650 _aABD
654 _aCAU
942 _cLIB
_dJUS
_fJUS
_2ddc
_n
999 _c24170
_d24170